[Event "Hastings 00 75th"]
[Site "Hastings"]
[Date "2000.01.09"]
[Round "6"]
[White "McShane, Luke J"]
[Black "Emms, John M"]
[Result "0-1"]
[WhiteElo "2438"]
[BlackElo "2546"]
[Annotator "Ribli,Z"]
[PlyCount "102"]
[EventDate "2000.01.04"]
[EventType "tourn"]
[EventRounds "9"]
[EventCountry "ENG"]
[EventCategory "13"]
[SourceTitle "CBM 075"]
[Source "ChessBase"]
[SourceDate "2000.04.05"]
[SourceVersion "1"]
[SourceVersionDate "2000.04.05"]
[SourceQuality "1"]

1. e4 c5 2. Nf3 e6 3. d4 cxd4 4. Nxd4 Nc6 5. Nb5 d6 6. Bf4 {Mit diesem Zug
verliert Weiß ein Tempo, verschafft sich damit aber auf ewig Kontrolle über
das Feld d5.} e5 7. Be3 a6 8. N5c3 Nf6 9. Bg5 {Ich möchte anmerken, dass wir
eigentlich eine Stellung der Sweschnikov-Variante der Sizilianischen
Verteidigung vor uns haben, mit dem Unterschied, dass der Springer auf auf b1
statt auf a3 steht.} (9. Bc4 Be7 10. Nd5 Nxd5 11. Bxd5 O-O 12. Qd2 Be6 13. Nc3
Rc8 14. O-O Qc7 $5 15. a4 Na5 16. Qd3 Nc4 17. Bc1 Rfe8 18. Bxe6 fxe6 19. Qh3
Bf6 20. Rd1 Na5 21. Be3 Nc4 22. Bc1 Na5 23. Be3 Nc4 {1/2-1/2 Bacrot,E-Taimanov,
M/Cannes 72/(181) 1998 (23)}) 9... Be7 10. Bc4 (10. Nd2 O-O 11. Nc4 Be6 (11...
Nd4) 12. Bxf6 Bxf6 13. Nd5 (13. Qxd6 Qxd6 14. Nxd6 b5 $44) 13... b5 14. Nce3
Bg5 15. Be2 Bxe3 16. Nxe3 Ne7 17. Bf3 Qb6 18. O-O Rfd8 19. c3 a5 20. Qd2 Rab8
21. Rfd1 h6 22. Bg4 b4 23. Bxe6 fxe6 24. c4 Nc6 {1/2-1/2 Almasi,Z-Emms,J/
Batumi 1999/CBM 74 (82) Schwarz übt starke Kontrolle über das Feld d4 aus - er
steht nicht schlechter.}) 10... O-O 11. Bxf6 {Weiß trennt sich aus freien
Stücken von seinem Läuferpaar und spielt gegen das Feld d5.} Bxf6 12. Nd5 (12.
O-O Be6 13. Nd5 Bg5 14. Bb3 Rc8 15. Re1 Nd4 16. c3 Nxb3 17. axb3 f5 18. c4 f4
19. f3 Bh4 20. Re2 g5 21. Nbc3 g4 22. Kh1 Kh8 23. Rd2 Qg5 $40 {0-1 Furlan,
M-Romanishin,O/Pula 1999/EXT 2000 (33)}) 12... Be6 13. Nbc3 Rc8 14. O-O Bg5 {
Schwarz besitzt das Läuferpaar und lebendiges Figurenspiel. Sein Hauptproblem
ist die Schwäche des Pd6 und des Feldes d5.} 15. a4 {Weiß verhindert zwar das
eventuelle b7-b5, schwächt damit aber zugleich seinen Damenflügel.} (15. a3 Na5
(15... Kh8 $5) 16. Ba2 Nc4 17. Qe2 b5 18. a4 Nxb2 19. axb5 axb5 20. Qxb5 Rb8
21. Qe2 Bxd5 22. Bxd5 Qb6 23. Bb3 {1-0 Srebrnic,M-Smargiassi,E/Nova Gorica
1999/CBM 68 ext (29)}) 15... Kh8 16. b3 Bh6 (16... g6) 17. Re1 g6 {[%mdl 32]
Ein typischer Zug für solche Stellungen - Schwarz möchte f7-f5 ziehen und im
Falle von exf5 für die Antwort gxf5 gerüstet sein.} (17... f5 18. exf5 Bxf5 19.
Ne4 $14) 18. Kh1 f5 19. f3 (19. exf5 gxf5 $132) 19... Nd4 {Der Nd4 steht
ausgezeichnet. Weiß versucht ihn im folgenden mit c2-c3 zu vertreiben, aber
das kostet viel Zeit.} 20. exf5 gxf5 $132 21. a5 Qh4 {[%csl Gh4]} 22. Ra4 {
[%cal Ga4h4]} Qf2 {[%csl Rc2] Interessant - es hängt c2.} 23. Ne7 (23. Ra2 Rg8
$40) 23... Rce8 (23... Rc7) 24. Rf1 (24. Bxe6 Rxe7 25. Rf1 {Das ist nur eine
Zugumstellung zur Partiefortsetzung.}) 24... Qxc2 25. Qxc2 Nxc2 26. Bxe6 Rxe7
$15 {Das Feld d5 ist ein positionelles Loch in der schwarzen Stellung, aber
Schwarz verfügt über eine starke Bauernmasse im Zentrum (d6-e5-f5) und das
bessere Figurenspiel.} 27. Bc4 e4 $5 (27... Nd4 $15) 28. Nd5 Re5 29. f4 $2 (29.
fxe4 fxe4 30. Rxf8+ Bxf8 31. Ra2 $15) 29... Rxd5 $1 {[%mdl 64]} 30. Bxd5 Ne3
$17 31. Bxb7 $5 {Das bietet Weiß noch die besten Chancen - er opfert die Figur,
bekommt dafür aber taktische Gegenchancen am Damenflügel.} (31. Bc4 Nxf1 32.
Bxf1 Bxf4 $17) 31... Nxf1 32. Bxa6 Nd2 33. Bb5 Nxb3 34. a6 Nc5 35. Ra5 Nxa6 $5
{Schwarz gibt die Figur zurück und gewinnt den Pf4.} 36. Bxa6 Bxf4 {Mit zwei
Mehrbauern hat Schwarz ausgezeichnete Gewinnchancen.} 37. g3 Be5 38. Bb7 Rb8
39. Ra8 {Mit den Türmen auf dem Brett hatte Weiß weniger Rettungschancen, aber
der Turmtausch hilft letztlich auch nicht mehr.} Rxa8 40. Bxa8 {Die
Anwesenheit der ungleichfarbigen Läufer ist prinzipiell ein wichtiger
Remisfaktor, aber in unserer Stellung kann Schwarz seinen Vorteil realisieren.}
h5 41. Kg2 Kg7 42. Bc6 Kf6 43. h3 (43. Be8 h4 44. gxh4 f4 $19) 43... h4 $1 44.
g4 (44. gxh4 Bf4 $19 {Schwarz steht auf Gewinn - er spielt 45...Ke5 und der
d-Bauer rückt vor.}) 44... Bf4 45. Kf2 Ke5 46. gxf5 Kxf5 47. Ke2 Ke5 48. Ba4 d5
$19 {Mit zwei verbundenen Freibauern gewinnt Schwarz leicht.} 49. Bc2 d4 50.
Bb1 Bg5 {[%cal Re5f4]} (50... d3+ $4 51. Bxd3 exd3+ 52. Kxd3 $11 {Wegen des
"schlechten" Läufers (das Feld h1 ist für den Läufer nicht erreichbar) ist die
Stellung Remis.}) 51. Kf2 d3 {Die weiße Stellung ist verloren - er gab auf.}
0-1

[Event "Rubinstein Memorial 37th"]
[Site "Polanica Zdroj"]
[Date "2000.08.25"]
[Round "8"]
[White "Almasi, Zoltan"]
[Black "Ivanchuk, Vassily"]
[Result "0-1"]
[WhiteElo "2668"]
[BlackElo "2719"]
[Annotator "Ribli,Z"]
[PlyCount "82"]
[EventDate "2000.08.17"]
[EventType "tourn"]
[EventRounds "9"]
[EventCountry "POL"]
[EventCategory "17"]
[SourceTitle "CBM 079"]
[Source "ChessBase"]
[SourceDate "2000.11.21"]
[SourceVersion "1"]
[SourceVersionDate "2000.11.21"]
[SourceQuality "1"]

1. e4 c5 2. Nf3 Nc6 3. d4 cxd4 4. Nxd4 e6 5. Nb5 d6 6. Bf4 {Die Alternative
wäre 6.c4, mit weißem Raumvorteil, aber in diesem Fall verlöre Weiß später
nach a7-a6 weitere Zeit.} e5 7. Be3 {Weiß hat ein Tempo verloren, aber das
Feld d5 ist ein positionelles Loch in der schwarzen Stellung.} Nf6 8. Bg5 a6 9.
N5c3 Be7 10. Nd2 $6 {Almasi wählt seine alte Lieblingsfortsetzung, aber die
Alternative 10.Bxf6 - die er auch schon mit Erfolg anwandte - scheint
gefährlicher. Vielleicht fürchtete er die gegnerische Vorbereitung.} (10. Bxf6
$5 Bxf6 11. Nd2 O-O 12. Nc4 b5 13. Qxd6 (13. Nxd6 {- 48/(239)}) 13... bxc4 14.
Qxc6 Be6 15. Be2 Rb8 16. Rb1 (16. O-O Qd2 17. Rab1 Qxc2 18. Rfc1 Qd2 19. Rd1
Qc2 20. Qxa6 Rfc8 21. h3 Be7 {1/2-1/2 Kasparov,G-Anand,V/Frankfurt (rapid) 73/
(218) 1998/Inf 73/[Seirawan,Y] (23) [/\ Bc5-d4]}) 16... Rb6 17. Qa4 (17. Qc5
Qb8 $44) 17... Qb8 18. O-O Rd8 19. Rfd1 Rxd1+ 20. Nxd1 g6 21. Ne3 Rb4 22. Qxa6
c3 23. b3 Rxe4 24. Bg4 {1-0 Almasi,Z-Ribli,Z/AUT-chT 2000 (34)}) 10... Bg4 $1 {
[%mdl 4] Das ist eine Provokation. Schwarz möchte seinen Genger zum Zug 11.f3
verleiten. Danach würde die Schwächung der Diagonale a7-g1 die ganze Partie
über spürbar werden.} (10... O-O 11. Nc4 Be6 12. Bxf6 Bxf6 13. Nd5 b5 14. Nce3
Bg5 15. Be2 Bxe3 16. Nxe3 Ne7 17. Bf3 Qb6 18. O-O Rfd8 19. c3 a5 20. Qd2 Rab8
21. Rfd1 h6 22. Bg4 b4 23. Bxe6 fxe6 24. c4 Nc6 25. b3 Qc5 26. Qd3 Ra8 27. Nc2
a4 {1/2-1/2 Almasi,Z-Emms,J/Batumi GEO 1999 (82)}) (10... Be6 $5 11. Nc4 Nd4
12. Bd3 Rc8 13. Bxf6 Bxf6 14. Ne3 Bg5 15. Ncd5 Bxe3 16. Nxe3 O-O 17. O-O Qb6 $6
18. c3 Nc6 19. Qe2 $14 {1-0 Almasi,Z-Cramling,P/Pamplona 1996/CBM 57/[Ribli] 
(60)}) 11. Be2 (11. f3 Be6 {[%cal Gd8b6,Gb6g1]}) 11... Bxe2 12. Nxe2 {Wenn
Weiß so spielen muss, heißt das, dass die ganze Variante für Schwarz nicht
gefährlich sein kann.} (12. Qxe2 $2 Nxe4 13. Ndxe4 (13. Ncxe4 Bxg5 $17) 13...
Bxg5 $17) 12... d5 $11 {In vielen anderen Varianten der Sizilianischen
Verteidigung bleibt die Durchsetzung von d5  nur ein Traum. In unserer Partie
erreicht Schwarz nunmehr einer bequeme Stellung.} 13. Bxf6 Bxf6 14. O-O (14.
Nc3 d4 15. Nd5 O-O 16. O-O g6 17. Nc4 b5 18. Ncb6 Ra7 19. a4 b4 20. a5 Bg7 21.
Qd3 Qd6 {0-1 Fernando,D-Djuric,S/Lisbon POR 1999 (42)}) 14... O-O 15. c4 $6 {
Dieser Zug gefällt mir nicht, denn er schwächt das Feld d4. Andererseits ist
es aber nicht leicht für Weiß, eine sichere Ausgleichsmöglichkeit zu finden.} (
15. exd5 Qxd5 16. Nc3 Qe6 17. Nde4 Rad8 $15) (15. c3 d4 16. cxd4 exd4 (16...
Nxd4 17. Nb3 $11) 17. Nf4 d3 $15) (15. Nc3 $5) 15... dxe4 16. Nxe4 Be7 $15 {
[%csl Yd4] Weiß hat die Bauernmehrheit am Damenflügel, aber das ist nicht von
großer Bedeutung, denn Schwarz hat ein starkes Zentrum und kann mit f7-f5
seine Bauernmasse mobilisieren.} 17. c5 $6 {Weiß möchte die Schwächung des
Feldes d4 durch aktives Spiel kompensieren, in der Folge jedoch wird der Pc5
schwach.} (17. N4c3 $5 $15 {[%cal Gc3d5]}) 17... Qc7 18. Qb3 Rad8 19. Rfd1 g6
$1 {[%mdl 32] Ein ausgezeichneter positioneller Zug - Schwarz möchte f7-f5
ziehen, aber das geht wegen der Qb3 nicht. Der Textzug bereitet Kg7 vor, und
anschließend kann schon f7-f5 folgen.} 20. Qc4 {[%cal Gb2b4]} Na5 21. Qb4 (21.
Qc3 $15) 21... Kg7 22. N2c3 $6 (22. Qc3 $15) 22... Nc6 23. Qc4 f5 {[%csl Re4]}
24. Nd6 {Dieser Zug verliert einen Bauern, aber guter Rat war schon teuer.} (
24. Nd5 Rxd5 25. Rxd5 fxe4 26. Qxe4 Rf4 $17) (24. Ng3 Na5 25. Nd5 Qxc5 26. Qxc5
Bxc5 27. Rac1 $17 (27. b4 $2 Bd4 $19)) 24... Bxd6 25. cxd6 Rxd6 26. Rxd6 Qxd6
$17 {Schwarz hat einen gesunden Mehrbauern, doch die Verwertung der
Bauernmehrheit am Königsflügel ist noch nicht leicht.} 27. Rd1 Nd4 {[%csl Gd4]}
28. f4 {Weiß möchte mit der Partiefortsetzung die Stellung des Nd4 erschüttern.
} (28. Ne2 $2 Nf3+ $19) 28... b5 29. Qd3 Rd8 30. Kh1 (30. fxe5 Qxe5 31. Kh1 b4
32. Na4 Nc6 33. Qb1 Rxd1+ 34. Qxd1 Nd4 $17) 30... b4 (30... Qe7 $17) 31. Ne2
Nb5 $1 (31... Qc5 $6 32. fxe5 Nc6 33. Rc1 Qxe5 (33... Rxd3 34. Rxc5 Re3 35.
Rxc6 Rxe2 36. h3 $11) 34. Qxa6 $132) 32. Qxd6 Rxd6 33. Rxd6 Nxd6 34. fxe5 Nc4 {
[%cal Rc4b2,Rc4e5] Endlich gewinnt Schwarz seinen Mehrbauern zurück.} 35. b3
Nxe5 36. Nf4 a5 {Es gibt ein Sprichwort, das besagt, Springerendspiele seien
eigentlich Bauernendspiele. Das trifft nicht immer zu, aber häufig. In unserer
konkreten Stellung hat Schwarz nicht nur einen Bauern mehr, sondern auch
Raumvorteil am Damenflügel, sein König kommt schnell ins Spiel.} 37. h4 {
Dieser Zug schwächt das Feld g4, aber die schwarze Drohung war 37...g5.} Kf6
38. Kg1 Ng4 {[%csl Rg1,Gg4]} 39. Nd3 (39. Kf1 Ke5 40. Nd3+ Kd4 $19 {[%csl Gd4]}
) 39... Ke6 $19 {[%cal Ge6d5,Gd5d4] Das Erscheinen des schwarzen Königs im
Zentrum entscheidet die Partie.} 40. Nc5+ Kd6 $1 41. Nb7+ Kc7 (41... Kc7 42.
Nc5 (42. Nxa5 Ne5 {[%csl Ra5]} 43. Kf2 Kb6 44. Nc4+ Nxc4 45. bxc4 Kc5 $19)
42... Kc6 43. Ne6 (43. Nd3 Kd5 $19) 43... Kd5 $19) 0-1

[Event "Czerniak Memorial 12th"]
[Site "Tel Aviv"]
[Date "1996.??.??"]
[Round "5"]
[White "Krayz, Alexander"]
[Black "Gofshtein, Leonid D"]
[Result "0-1"]
[WhiteElo "2440"]
[BlackElo "2540"]
[Annotator "Ribli,Z"]
[PlyCount "62"]
[EventDate "1996.04.??"]
[EventType "tourn"]
[EventRounds "11"]
[EventCountry "ISR"]
[EventCategory "9"]
[SourceTitle "CBM 053"]
[Source "ChessBase"]
[SourceDate "1996.08.01"]
[SourceVersion "1"]
[SourceVersionDate "1996.08.01"]
[SourceQuality "1"]

1. e4 {King Engqvist} c5 2. Nf3 e6 3. c4 Nc6 4. Nc3 Nf6 5. d4 cxd4 6. Nxd4 Bb4
7. Nxc6 (7. f3 d5 (7... O-O $5 {/\ d5}) 8. cxd5 exd5 9. Bg5 Qa5 10. Nxc6 bxc6
11. Bxf6 gxf6 $10 {Teller-Tartakower, Hastings 1926/27}) 7... bxc6 (7... dxc6 {
In Frage kommt diese sichere Fortsetzung auch.} 8. Qxd8+ Kxd8 9. Bd2 e5 10. f3
(10. O-O-O $5) 10... Bc5 11. O-O-O Kc7 12. b4 Be7 (12... Bxb4 13. Nb5+ cxb5 14.
Bxb4 $44) 13. Na4 Be6 14. Bc3 Nd7 $10 {Dochev,D-Zviagintsev,V/Capelle la
Grande/1993/}) (7... dxc6 {is a good alternative if you are fond of endgames.})
8. Bd3 (8. Qf3 Qa5 $1 9. Bd2 d5 10. exd5 cxd5 11. cxd5 O-O $13 {Polugaevskij})
8... e5 9. O-O Bc5 $5 (9... O-O 10. Be3 (10. Bg5 h6 11. Bh4 Bc5 $1 $13 {
Christiansen-Ribli, Deutschland 1992 - 54/184} (11... Be7 {Engqvist} 12. Bg3 d6
13. c5 $1 $14 {Ribli})) (10. a3 Bxc3 $5 {Fedorowicz}) (10. Bd2 {Engqvist} Be7
11. Qe2 d6 12. b4 Bg4 13. f3 Be6 14. a4 d5 $10 {Czerniak-Najdorf, Mar del
Plata 1942}) 10... d6 $6 (10... Bxc3 $1 11. bxc3 d6 $13 {Kasparov}) 11. Na4 $1
(11. h3 {Engqvist} Be6 $10 {Ribli}) 11... d5 12. exd5 cxd5 13. a3 Be7 14. cxd5
Nxd5 15. Bc5 $14 {Kramnik,V-Kasparov,G/New York PCA 25'/1994/}) (9... Be7 {
Engqvist} 10. Be3 d6 11. c5 $5 {Benjamin-Grunfeld, Philadelphia 1989 - 48/238}
dxc5 {Benjamin}) 10. Bg5 (10. Rb1 d6 11. b4 Bb6 12. a4 O-O 13. h3 a5 14. b5 Bd4
$13 {Wedberg,T-Hellers,F/Stockholm/1990/CBM22/}) (10. Qe2 {Engqvist} d6 11. Be3
Bg4 12. f3 Bxe3+ 13. Qxe3 Be6 14. Rfd1 Qb6 15. c5 {c4-c5 is a typical
positional pawn sacrifice in this kind of position.} Qxc5 16. Qxc5 dxc5 17. Na4
c4 18. Bf1 Rb8 19. Rac1 Rb4 20. Nc5 Ke7 21. Nxe6 fxe6 22. Rxc4 Rxc4 23. Bxc4
Rb8 24. b3 g5 $10 {Dzindzichashvili-Alburt, USA (ch) 1989}) 10... h6 11. Bh4 d6
$1 $146 {When the Bishop is on c5 Black does not need to worry about the
thematic c4- c5. Diese starke Neuerung hat den folgenden Sinn: Schwarz will
erst warten, wo sein Gegner spielen wird. Jetzt kann Weiß nicht erfolgreich
mit Kh1 und f4 einen Königsangriff starten, weil der schwarze König auf e8
sicherer steht als auf g8, und der Nachziehende kann mit g5 sehr gut kontern.}
(11... O-O 12. a3 $6 (12. Qd2 $5) 12... a5 13. Qd2 (13. Kh1 $5) 13... d6 14.
Kh1 Be6 15. f4 exf4 16. Rxf4 g5 17. Raf1 Bd4 $1 18. R4f3 Ng4 19. Bg3 Ne5 20.
Bxe5 Bxe5 $15 {Christiansen,L-Ribli,Z/GER-CupT/1992/}) 12. Kh1 Be6 $1 13. Qa4 (
13. Qd2 g5 $5 (13... O-O {Siehe die Christiansen-Ribli Partie/ anm. bei 10-ten
Zug}) 14. Bg3 Nh5 $13) 13... g5 14. Bg3 Rb8 $1 15. Nd5 (15. Qxc6+ Bd7 16. Qa6
Rxb2 17. Rab1 Rb6 $1 $15 {Warum steht Schwarz besser? 1. Er hat eine bessere
Bauernstruktur, c4 ist scwach . 2. Seine Figuren sind sehr gut postiert. Z.B.
der Läufer auf c5 gegen den Läufer auf g3.}) 15... O-O 16. Qxc6 Bxd5 $1 {
Eine richtige Entscheidung: Der Nachziehende tauscht seinen weißfeldrigen
Läufer gegen den Springer, und nun merken wir schon, daß seine Leichtfiguren
viel stärker als die des Weißen sind. Dazu kommt die mit dem Turm eroberte
b-Linie.} 17. cxd5 Rb6 $1 18. Qa4 Rxb2 {>< Bg3, Bd3} 19. Rab1 Qb6 $1 20. Rxb2
Qxb2 21. Rb1 Qc3 22. Qd1 (22. Qc2 Qd4 $15) 22... Qd4 23. Qf3 Kg7 24. h4 $6 {
In einer etwas unbequemen Stellung verliert Weiß die Geduld und strebt eine
gewaltsame Lösung an, die für ihn ungünstig enden wird.} (24. h3 $5) 24... Nh5
$1 25. hxg5 $2 {Only Black will benefit from the h-file. Ein grober Fehler in
schlechter Stellung. Ich verstehe nicht, wie man mit einer solchen
Königstellung die h-Linie öffnen kann.} (25. Qxh5 Qxd3 26. Rb7 (26. Re1 $5 $15)
(26. Re1 {Engqvist} f6) 26... Qxe4 27. hxg5 hxg5 28. Qxg5+ Qg6 29. Qxg6+ Kxg6
$15) 25... hxg5 26. Qg4 (26. Kg1 {Engqvist}) 26... Kh6 $1 {Necessary, since
Black has to protect the pawn on g5. What makes 26...Kh6 a strong move is the
fact that Black hides his real intentions on the h-file. Wahrscheinlich hat
Weiß mit diesem starken Zug nicht gerechnet.} 27. Qf3 (27. Be2 Nxg3+ 28. fxg3
Rh8 29. Qh3+ Kg7 30. Bh5 Qxe4 $19) 27... g4 $1 {Black wins a piece. Schwarz
geht sehr energisch vor.} 28. Qxg4 (28. Qe2 Nxg3+ 29. fxg3 Kg5 $1 30. Qd2+ Kg6
$19) 28... Qxd3 29. Rd1 Nxg3+ 30. fxg3 {Black to move and win!} Qxd1+ $1 31.
Qxd1 Kg5 $1 {Weiss kann das Matt auf h8 nicht verhindern.} (31... Rh8 $2 {King}
32. Qg4 $1) 0-1

[Event "St Petersburg op"]
[Site "St Petersburg"]
[Date "1994.??.??"]
[Round "2"]
[White "Frolov, Yury"]
[Black "Shulman, Yuri"]
[Result "1-0"]
[WhiteElo "2320"]
[BlackElo "2425"]
[Annotator "Ribli,Z"]
[PlyCount "65"]
[EventDate "1994.02.??"]
[EventType "swiss"]
[EventRounds "9"]
[EventCountry "RUS"]
[SourceTitle "CBM 041"]
[Source "ChessBase"]
[SourceDate "1994.08.01"]
[SourceVersion "1"]
[SourceVersionDate "1994.08.01"]
[SourceQuality "1"]

1. e4 c5 2. Nf3 e6 3. d4 cxd4 4. Nxd4 Nc6 5. Nb5 d6 6. c4 Nf6 7. N1c3 a6 8. Na3
Be7 9. Be2 O-O 10. O-O b6 11. Be3 Ne5 $6 (11... Bb7 $5) 12. f4 Ned7 13. Bf3 Bb7
14. Qe2 Qc7 15. Rac1 Rac8 16. Nab1 (16. g4 $5 {Chandler,M-Quinteros,M/Wien op/
1986/CBM01/INF41,182/}) 16... Rfe8 (16... Qb8 $5 {Isupov,I-Tregubov,P/URS-sf
Voronez/1991/EXP22/}) 17. Nd2 Qb8 18. Bf2 h6 (18... Kh8 19. Bh4 Ng8 $13) 19.
Kh1 Nh7 20. Be3 Bd8 21. Rcd1 Bf6 22. Rc1 Kh8 (22... Bd8 $10) 23. Rfd1 Rcd8 24.
Nf1 g5 $2 (24... Be7 25. Ng3 Nhf6 $10) 25. Ng3 $1 Rg8 (25... gxf4 26. Bxf4 Ne5
(26... Be5 27. Bxh6 $14) 27. Bxh6 $14) 26. Nh5 Be7 27. Bd4+ e5 $6 (27... f6 $5)
28. fxe5 dxe5 (28... Nxe5 29. Bg4 (29. Bxb6 $2 g4 $1 $17) 29... Ba8 30. Bf5 $16
) 29. Bf2 Bc5 $2 (29... Ndf6 $5) 30. Bg4 Nhf8 31. Qf3 Bc6 32. Bxc5 Nxc5 (32...
bxc5 33. Qxf7 $18) 33. Qf6+ 1-0

[Event "Karditsa"]
[Site "Karditsa"]
[Date "1996.??.??"]
[Round "7"]
[White "Vouldis, Angelos"]
[Black "Nikolaidis, Ioannis"]
[Result "1-0"]
[WhiteElo "2425"]
[BlackElo "2530"]
[Annotator "Ribli,Z"]
[PlyCount "67"]
[EventDate "1996.03.??"]
[EventType "tourn"]
[EventRounds "9"]
[EventCountry "GRE"]
[EventCategory "12"]
[SourceTitle "CBM 053"]
[Source "ChessBase"]
[SourceDate "1996.08.01"]
[SourceVersion "1"]
[SourceVersionDate "1996.08.01"]
[SourceQuality "1"]

1. e4 c5 2. Nf3 Nc6 3. d4 cxd4 4. Nxd4 e5 5. Nb5 d6 6. Be3 Nf6 7. Bg5 a6 {
Mit der Partiefortsetzung will der Nachziehende das Risiko nehmen.} (7... Be6
$5 8. Nd2 Be7 9. Bxf6 Bxf6 10. Nc4 O-O 11. Qxd6 Qc8 12. c3 Bxc4 13. Bxc4 Qg4
$10 {Nunn,J-Tal,M/Reykjavik WCup/1988/CBM10/INF46,(229)/}) 8. Bxf6 gxf6 9. N5c3
Be6 10. Nd2 Rc8 (10... b5 11. Bd3 (11. a4 $5) 11... h5 12. Nf1 Bh6 13. Ne3 Bxe3
14. fxe3 Qb6 15. Qf3 Ne7 16. O-O Rh6 $13 {Remis Rasik,V-Brodsky,M/Pardubice op/
1994/}) 11. Bc4 $5 $146 (11. Bd3 Rg8 $13 {>< g2 Westerinen,H-Plachetka,J/
Gausdal/1989/}) 11... Nd4 12. Bxe6 fxe6 {Schwarz hat keinen "Loch" mehr auf d5
und seine Bauernstruktur im Zentrum wesentlich verbessert, aber dafuer steht
sein Koenig unsicher.} 13. Nb3 Nxb3 14. Qh5+ $1 {Ein wichtiger Zwischenzug.} (
14. axb3 $2 Qd7 15. Qh5+ Qf7 $13) 14... Kd7 (14... Ke7 15. axb3 Qe8 16. Qe2 Qg6
17. g3 Bh6 18. O-O Bg5 19. Kh1 {/\ f4 und f5 |^}) 15. axb3 Qe8 16. Qe2 Qg6 17.
g3 h5 (17... Bh6 18. Rd1 {>< d6}) 18. O-O-O $1 (18. h4 Bh6 $13) 18... Rc6 19.
Kb1 Bh6 20. Rhf1 {Droht /\ f4 und f5, dann will Weiss mit seinem Springer den
d5-Punkt besetzen.} f5 21. f4 $1 {Weiss wird jetzt das starken Bauernzentrum
angreiffen.} exf4 (21... fxe4 $2 22. Nxe4 d5 $2 23. fxe5 $18) 22. gxf4 Kc7 23.
b4 $1 {Droht /\ b5} b5 24. Rf3 $1 {[#] Jetzt kommt dieser Turm den schwarzen
Bauern (d6,e6) angzureiffen und die schwarze Sorge wird deutlich erhoeht.} Rc8
{Der Nachziehende will auf der c-Linie einiges Gegenspiel erreichen.} (24...
fxe4 25. Nxe4 Rc8 26. f5 exf5 27. Nxd6 $1 Rxd6 28. Qe7+ $18) 25. exf5 Qxf5 26.
Re3 $1 Bg7 (26... Bxf4 27. Rxe6 Be5 28. Re7+ Kb8 $8 (28... Kd8 $4 29. Rxe5 $18)
(28... Kb6 $4 29. Nd5#) 29. Qe3 R8c7 30. Rxc7 Rxc7 (30... Kxc7 31. Qa7+ Kd8 32.
Rg1 $18) 31. Qb6+ Rb7 32. Qxa6 $16) 27. Ne4 $6 {[#]} (27. Rxe6 Bxc3 28. bxc3
Qxf4 29. Rf1 $14) 27... Kb8 $2 {Eine verfehlte Kombination.} (27... Qxf4 $1 28.
Rf1 Qh6 $13 (28... Qe5 $2 29. Nc3 $16)) 28. Nxd6 Qf6 (28... Qxc2+ 29. Qxc2 Rxc2
30. Nxc8 Rxb2+ 31. Kc1 Kxc8 32. Rg3 Bf6 33. Rg6 Bc3 34. Rd3 Rb3 35. Kc2 $18)
29. c4 $1 {Eine unangenehme Ueberraschung fuer Schwarz.} bxc4 30. Nxc8 c3 31.
Qc2 $1 Qxf4 32. Ne7 Rc7 33. Rxe6 Qf3 34. Nd5 {Ribli} 1-0